| 000 | 00729nam a22002292 4500 | ||
|---|---|---|---|
| 001 | 0000020043 | ||
| 005 | 20151217155227.0 | ||
| 008 | 110530s xx 000 0 eng d | ||
| 020 | _a9966257413 : | ||
| 040 |
_aKABU _cKABU |
||
| 100 | 1 |
_aKarume, Njenga. _@0000180083 |
|
| 245 | 1 | 0 |
_aBeyond expectations : _bfrom charcoal to gold / _cNjenga Karume with Mutu wa Gethoi. |
| 250 | _a1st ed. | ||
| 260 |
_aNairobi : _bKenway, _c2009. |
||
| 300 | _axxiii, 335 p. | ||
| 600 | 1 | 0 |
_aKarume, Njenga, _d1929-. _@0000180084 |
| 650 | 0 |
_aPoliticians _vBiography _zKenya. _@0000158503 |
|
| 700 | 1 |
_aMutu wa Gethoi. _@0000180085 |
|
| 852 | 1 | _9p1500 KES | |
| 908 | _a110530 | ||
| 950 | _@1 | ||
| 999 |
_c12122 _d12122 |
||